RF MCX Connectors.

Uložené v:
Podrobná bibliografia
Médium: Kniha
Jazyk:Slovak
English
Vydané: [2018].
Vydanie:1. vydanie
Témy:
On-line prístup:http://www.pomonaelectronics.com
Fyzický popis: 1 list.
Tagy: Pridať tag
Žiadne tagy, Buďte prvý kto otaguje tento záznam!

MARC

LEADER 00000nam^a22000003a^4500
001 000572921
003 SVKKK
005 20180214140311.0
008 171207s2018 xo |||| 0 slo^d
040 |a SVKKK  |b slo  |c SVKKK  |e AACR2 
041 0 |a eng 
044 |a xxu  |c US 
080 |a 621.315.687  |2 2001 
110 2 |a Pomona Electronics  |c 9028 Evergreen Wy, Everett, WA 98204, USA  |4 mfr 
245 1 0 |a RF MCX Connectors. 
250 |a 1. vydanie 
260 |c [2018]. 
300 |a 1 list. 
655 7 |a firemné prospekty  |2 SNKPH 
856 4 1 |u http://www.pomonaelectronics.com 
910 |a svkkk 
998 |a FL 
090 |g SCKHL  |k SK42  |a 621.315.687  |j 236158  |i 2720521360  |4 zastaraná  |s Vyradená